Autodistruggimi /

সংরক্ষণ করুন:
গ্রন্থ-পঞ্জীর বিবরন
প্রধান লেখক: Vasso, Diego Armando
বিন্যাস: গ্রন্থ
ভাষা:ইতালিয়
প্রকাশিত: Roma : Libreria Croce, [2009]
মালা:Ozio sapiente
ট্যাগগুলো: ট্যাগ যুক্ত করুন
কোনো ট্যাগ নেই, প্রথমজন হিসাবে ট্যাগ করুন!

MARC

LEADER 00000nam a22000007i 4500
001 IT\ICCU\UBO\3830920
003 ItRI
005 20260214153939.0
008 101209s2009 it |||||| ||||| |||||c
020 |a 9788864020341 
040 |b ita  |c GP 
041 7 |a ita  |2 ISO-639-2 
100 1 |a Vasso, Diego Armando  |0 IT\ICCU\UBOV\382619 
245 1 0 |a Autodistruggimi /  |c Diego Armando Vasso. 
260 |a Roma :  |b Libreria Croce,  |c [2009] 
300 |a 110 p. ;  |c 21 cm. 
830 0 |a Ozio sapiente  |0 IT\ICCU\CFI\0966229 
942 |2 ddc  |c BK 
952 |0 0  |1 0  |2 ddc  |4 0  |6 853_000000000000000_VAS  |7 1  |9 1078  |a RM  |b RM  |d 2024-03-26  |l 0  |o 853 VAS  |p 597  |r 2024-03-26 17:30:45  |w 2024-03-26  |y BK 
952 |0 0  |1 0  |4 0  |6 DOC_853_920000000000000_VAS  |7 0  |9 20520  |a BO  |b BO  |d 2026-01-15  |i 13980  |l 0  |o DOC 853.92 VAS  |p BO13980  |r 2026-01-15 23:21:27  |w 2026-01-15  |x [Sebina 5] [1 v.]  |y BK  |z 1 v. 
999 |c 985  |d 985